000 00734nam a2200265Ia 4500
001 9748
003 GE_BSU
008 181216s||||||||xx |||||||||||||| ||und||
020 _a9992898666.
040 _cGE_BSU
080 _a821.353.1-31
100 _aმორჩილაძე,აკა
245 _aსხვა
245 _bრომანი
245 _cრედ:ნინო იაშვილი
250 _a1-ლი გამოც.
260 _aთბილისი.
260 _bბაკურ სულაკაურის გამ-ბა.
260 _c2002.
300 _a117გვ;17სმ.
541 _h5ლ.20თ.
653 _aრომანი
653 _aსხვა
942 _cBK
999 _c43028
_d43028